000 00467nam a2200169Ia 4500
999 _c33576
_d33576
003 OSt
005 20211115121501.0
008 190216s9999||||xx |||||||||||||| ||und||
040 _coclc
082 _a530.12
_bGUP/Q
100 _aGupta, S L
_91031
245 0 _aQuantum Mechanics /
_cS L Gupta
260 _bJai Prakash Nath And Co,
_c1999.
_aMeerut:
300 _a735p
650 _aPhysics
942 _cBK
_2ddc
_h530.12
_iGUP/Q
_k530.12
_mGUP/Q